Truyện dân gian Thái Tập 3, Quyển 2

Сохранить в:
Библиографические подробности
Формат:
Язык:Vietnamese
Опубликовано: H. Trường Đại học Tổng hợp Hà Nội Khoa học xã hội 1987
Серии:Văn học dân tộc Thái Việt Nam
Предметы:
Метки: Добавить метку
Нет меток, Требуется 1-ая метка записи!
Thư viện lưu trữ: Mạng thư viện Đại học Đà Nẵng
LEADER 01507nam a2200373 4500
001 000006798
003 2958
005 20110923150910.0
008 110921s1987 viesd
020 |c 6500đ 
041 0 |a vie 
082 |a 398.2  |b Tru 
245 1 0 |a Truyện dân gian Thái  |c Sưu tầm, nghiên cứu, chỉnh lý, biên soạn: Cầm Cường, Cầm Kỷ, Hà Thị Thiệc  |n Tập 3, Quyển 2 
260 |a H.  |b Trường Đại học Tổng hợp Hà Nội  |b Khoa học xã hội  |c 1987 
300 |a 203 tr  |c 19 cm 
490 |a Văn học dân tộc Thái Việt Nam 
653 |a Văn học dân gian 
653 |a thái-dân tộc 
653 |a Việt Nam 
653 |a truyện dân gian 
773 |t Truyện dân gian Thái  |w 2956 
910 |a Nguyễn Thị Kim Oanh  |d 21/09/2011 
OWN |a LSP 
AVA |a UDN50  |b LNN  |d 398.2 HU-L  |e available  |t Error 5001 Not defined in file expand_doc_bib_avail.  |f 1  |g 0  |h N  |i 0 
AVA |a UDN50  |b LSP  |d 398.2 Tru  |e unavailable  |t Error 5002 Not defined in file expand_doc_bib_avail.  |f 1  |g 1  |h N  |i 0  |k 1 
999 |a From the UDN01 
AVA |a UDN50  |b LNN  |d 398.2 HU-L  |e available  |t Error 5001 Not defined in file expand_doc_bib_avail.  |f 1  |g 0  |h N  |i 0 
AVA |a UDN50  |b LSP  |d 398.2 Tru  |e unavailable  |t Error 5002 Not defined in file expand_doc_bib_avail.  |f 1  |g 1  |h N  |i 0  |k 1 
TYP |a Monograph 
TYP |a Printed language 
980 |a Mạng thư viện Đại học Đà Nẵng